Les 12 coups de midi | Coup fatal #1 - Statistiques

Statistiques générales
  • Ce quiz a été pris 1 624 fois
  • Le résultat moyen est 4 sur 9
Statistiques - réponses
Questions Réponses % Correct
Quel est le pluriel du mot "festival" ? festivals
96%
Dans quel pays est né Walt Disney, le pionnier du dessin animé ? Etats-unis
75%
Quel est l'équivalent français du prénom Pedro ? Pierre
66%
Quand le sigle désigne un diplôme, que signifie le "P" de BEP ? professionnel
64%
Outre un vélo et des baskets, quel accessoire est indispensable dans une compétition de triathlon ? maillot de bain
64%
Dans quel département êtes-vous si vous bronzez sur une plage de Cagnes-sur-Mer ? Alpes-Maritimes
20%
Quel acteur formait le trio de la série "Kaïra Shopping" aux côtés de Medi Sadoun et Jib ? Franck Gastambide
5%
Quel ex-mannequin est la maman de Nine d'Urso ? Inès de La Fressange
1%
Quels pêcheurs donnent leur nom à un opéra composé en 1863 par Georges Bizet ? Les pêcheurs de perles
0%
Aucun quiz correspondant
Distribution des résultats
% des personnes avec chaque résultat
Percentile par nombre de réponses
Votre historique - résultats
Vous n’avez pas pris ce quiz